000 01365nam a2200229Ia 4500
999 _c38306
_d38306
001 4316
003 GE_BSU
005 20191007123136.0
008 181216s1980||||ge |||||||||||||| ||geo||
040 _cGE_BSU
041 _ageo
080 _a391(479.22+479.9) მ–90
100 _aმარგოშვილი, ლ.
_94575
245 _aცენტრალური კავკასიონის მთიელი ქალის ტანსაცმელი :
_bქართულ-კავკასიური კულტურულ-ისტორიული ურთიერთობის საკითხისათვის /
264 _aთბ. :
_bმეცნიერება,
_c1980.
300 _a91 გვ.:
_bტაბ.ილ.;
_c25 სმ.
653 _aკავკასიის მთიელთა ტანსაცმელი;
653 _aქართულ-კავკასიური კულტურული ურთიერთობის ისტორია;
653 _aსაქართველო-კავკასიის ურთიერთობის ისტორია;
710 _aივ. ჯავახიშვილის სახ. ისტორიის, არქეოლოგიისა და ეთნოგრ. ინ-ტი.
_93492
942 _cBK
_2udc